| 000 | 00854nam a22002537i 4500 | ||
|---|---|---|---|
| 003 | OSt | ||
| 005 | 20170717152529.0 | ||
| 008 | 170606e201705 spc|||| |||| 0|0 0 cat|d | ||
| 017 |
_aDL B 3757-2017 _bBiblioteca de Catalunya |
||
| 020 | _a9788416915019 | ||
| 040 |
_aES-BaBC _bcat _cCDMR |
||
| 100 | 1 |
_aAldekoa, Xavier, _d1981- _eautor |
|
| 240 | 1 | 0 |
_aHijos del Nilo. _lCatalà |
| 245 | 1 | 0 |
_aFills del Nil _c/ Xavier Aldekoa ; traducció: Mar Albacar i Morgó i Núria Parés Sellarès |
| 250 | _aPrimera edició | ||
| 260 |
_aBarcelona : _bAra Llibres, _c2017 |
||
| 300 |
_a306 pàgines ; _c23 cm |
||
| 500 | _aTítol original: Hijos del Nilo | ||
| 650 | 0 | 4 |
_9797 _aReportatges literaris |
| 651 | 7 |
_aNil (Curs d'aigua) _xDescripcions i viatges _2lemac |
|
| 700 | 1 |
_aAlbacar, Mar, _etraductor |
|
| 700 | 1 |
_aParés, Núria, _etraductor |
|
| 942 |
_cMON _2udc |
||
| 999 |
_c7042 _d7042 |
||